Normal view
MARC view
Entry Nombre personal
001 - NÚMERO DE CONTROL
- campo de control: 111180
003 - IDENTIFICADOR DE NÚMERO DE CONTROL
- campo de control: OSt
005 - FECHA Y HORA DE LA ÚLTIMA TRANSACCIÓN
- campo de control: 20260421113342.0
008 - ELEMENTOS DE DATO DE LONGITUD-FIJA
- campo de control de longitud fija: 250424|| aca||aabn | a|a d
040 ## - FUENTE DE CATALOGACIÓN
- Centro catalogador/agencia de origen: OSt
046 ## - FECHAS CON CODIFICACIÓN ESPECIAL
- Fecha de nacimiento: 1867
- Fecha de la muerte: 1920
100 ## - ENCABEZAMIENTO-NOMBRE DE PERSONA
- Nombre de persona: Vidal Fernández, Eduardo
- Fechas asociadas al nombre: (1867-1920)
370 ## - LUGAR ASOCIADO
- Lugar de nacimiento: Calatayud
- Lugar de fallecimiento: Calatayud
372 ## - CAMPO DE ACTIVIDAD
- Campo de actividad: Fotógrafo
- Campo de actividad: Maestro
- Campo de actividad: Dibujante
374 ## - OCUPACIÓN
- Ocupación: Fotógrafo
- Ocupación: Maestro
- Ocupación: Dibujante
400 1# - TRAZADO DE VÉASE--NOMBRE DE PERSONA
- Nombre de persona: E.Vidal
410 ## - TRAZADO DE VÉASE--NOMBRE DE ENTIDAD CORPORATIVA
- Nombre de entidad corporativa o nombre de jurisdicción como elemento de entrada: Colegio Politécnico del Ángel Custodio
670 ## - FUENTE DE DATOS ENCONTRADOS
- Cita de la fuente: Fotografía y Sociedad en Calatayud durante las dos primeras décadas del siglo XX: Eduardo Vidal Fernández. | Agustín Lacruz, Carmen y Clavero Galofré, Manuel
- Información encontrada: Eduardo Vidal compaginó a lo largo de los años su actividad como fotógrafo con la enseñanza, pues fue también profesor de dibujo -- Iniciado el nuevo siglo abrió su propia Academia de dibujo, documentada desde 1904 en la calle del Encuentro nº 4 -- En el establecimiento de la calle Encuentro, la Academia de dibujo ocupaba la planta baja del edificio -- La planta tercera, mejor iluminada con luz natural, se dedicaba a Galería fotográfica. -- Este mismo espacio había sido anteriormente el gabinete de su maestro, el fotógrafo Santiago Oñate Pérez.